000 00508nam a2200181Ia 4500
005 20250508163355.0
008 008 250505s9999 xx 000 0 eng d
037 _aTextual
040 _aFEDL
_beng
_cFEDL
041 _aeng
_2eng
084 _a510.7, REG
_qFEDL
100 _aSamas M S
_9775223
245 0 _aTeaching of mathematics: A point of view
260 _aAjmer, India
_bRegional College of Education
300 _a69p.
942 _cTEXL
_h510.7, REG
999 _c1382637
_d1382637